[Event "IRI-chT 14th"]
[Site "Tehran"]
[Date "2015.09.16"]
[Round "5.2"]
[White "Ardeshi, Mehrdad"]
[Black "Bolourchifard, Farzad"]
[Result "1/2-1/2"]
[WhiteElo "2307"]
[BlackElo "2229"]
[PlyCount "106"]
[EventDate "2015.07.17"]
[EventType "team-tourn"]
[EventRounds "13"]
[EventCountry "IRI"]
[SourceTitle "EXT 2016"]
[Source "ChessBase"]
[SourceDate "2015.10.08"]
[SourceVersion "1"]
[SourceVersionDate "2015.10.08"]
[SourceQuality "1"]
[WhiteTeam "Shomal Damon Sakht"]
[BlackTeam "Tarbiat Qom"]
[WhiteTeamCountry "IRI"]
[BlackTeamCountry "IRI"]

1. d4 d5 2. Nf3 Nf6 3. c4 e6 4. Nc3 Be7 5. cxd5 exd5 6. Bg5 c6 7. Qc2 Na6 8. a3 Nc7 9. e3 Ne6 10. Bh4 0-0 11. Bd3 g6 12. h3 Ng7 13. g4 a5 14. Ne5 Nfe8 15. Bg3 f6 16. Nf3 Bd6 17. Rg1 Bxg3 18. Rxg3 Nd6 19. 0-0-0 b5 20. Ne2 b4 21. a4 b3 22. Qxb3 Ba6 23. Nf4 g5 24. Nh5 Rb8 25. Qc2 Bxd3 26. Rxd3 Ne4 27. Nxg7 Kxg7 28. Rg2 Rb4 29. Nd2 Nxd2 30. Kxd2 Qb8 31. Kc1 Rf7 32. Rc3 Rfb7 33. f4 gxf4 34. Qf5 f3 35. Rf2 Rxa4 36. Kb1 Rab4 37. Rcc2 Qg3 38. Qxf3 Qxf3 39. Rxf3 a4 40. Kc1 Rb3 41. Rcf2 a3 42. bxa3 Rb1+ 43. Kc2 R7b2+ 44. Kc3 Rb3+ 45. Kc2 R1b2+ 46. Kc1 Rxf2 47. Rxf2 Rxe3 48. Ra2 Rd3 49. a4 Rxd4 50. a5 Rb4 51. a6 Rb8 52. a7 Ra8 53. Kd2 Kf7 1/2-1/2

[Event "Avicenna op 12th"]
[Site "Hamedan"]
[Date "2015.09.03"]
[Round "3"]
[White "Ardeshi, Mehrdad"]
[Black "Mahdavi, Hassan"]
[Result "1-0"]
[WhiteElo "2307"]
[BlackElo "2013"]
[PlyCount "51"]
[EventDate "2015.09.02"]
[EventType "swiss"]
[EventRounds "11"]
[EventCountry "IRI"]
[SourceTitle "EXT 2016"]
[Source "ChessBase"]
[SourceDate "2015.10.08"]
[SourceVersion "1"]
[SourceVersionDate "2015.10.08"]
[SourceQuality "1"]

1. c4 Nf6 2. Nc3 d5 3. d4 g6 4. cxd5 Nxd5 5. e4 Nxc3 6. bxc3 Bg7 7. Bc4 c5 8. Ne2 Nc6 9. Be3 0-0 10. 0-0 Bg4 11. f3 Na5 12. Bd3 cxd4 13. cxd4 Be6 14. d5 Bxa1 15. Qxa1 f6 16. Nd4 Bd7 17. f4 Rc8 18. f5 g5 19. h4 h6 20. Qd1 Rf7 21. Ne6 Bxe6 22. fxe6 Rg7 23. e5 fxe5 24. hxg5 hxg5 25. Rf7 Qe8 26. Qg4 1-0

[Event "Tehran Alborz op 1st"]
[Site "Tehran"]
[Date "2014.03.09"]
[Round "5"]
[White "Bagheri, Maziar"]
[Black "Ardeshi, Mehrdad"]
[Result "0-1"]
[WhiteElo "2088"]
[BlackElo "2344"]
[PlyCount "96"]
[EventDate "2014.03.06"]
[EventType "swiss"]
[EventRounds "11"]
[EventCountry "IRI"]
[SourceTitle "CBM 159 Extra"]
[Source "ChessBase"]
[SourceDate "2014.04.24"]
[SourceVersion "1"]
[SourceVersionDate "2014.04.24"]
[SourceQuality "1"]

1. Nf3 Nf6 2. c4 e6 3. Nc3 c5 4. g3 b6 5. Bg2 Bb7 6. 0-0 Be7 7. Re1 a6 8. e4 d6 9. d4 cxd4 10. Nxd4 Qc7 11. b3 Nbd7 12. a4 0-0 13. Ba3 Rfe8 14. Rc1 Rad8 15. h3 Qb8 16. Qc2 Rc8 17. Rcd1 Bf8 18. Nde2 Nc5 19. Nf4 Qa8 20. Re3 Red8 21. Bb2 Re8 22. g4 h6 23. Rde1 Qb8 24. Nce2 e5 25. Nd5 Bxd5 26. exd5 b5 27. axb5 axb5 28. f4 bxc4 29. bxc4 Qb6 30. Kh2 Na4 31. Bc1 Qb4 32. Rf1 Rxc4 33. Qf5 g6 34. Qd3 Nc5 35. Qa3 Qxa3 36. Bxa3 e4 37. Bxc5 dxc5 38. Nc3 Bd6 39. Kh1 Rd4 40. Kg1 Nxd5 41. Rxe4 Rexe4 42. Nxe4 Nxf4 43. Nxd6 Nxg2 44. Nxf7 Nf4 45. Ne5 Nxh3+ 46. Kh2 Nf4 47. Kg3 g5 48. Ra1 Rd5 0-1

[Event "Asia-ch 6th"]
[Site "Cebu"]
[Date "2007.09.28"]
[Round "10"]
[White "Alavi, Sayed Javad"]
[Black "Ardeshi, Mehrdad"]
[Result "0-1"]
[WhiteElo "2493"]
[BlackElo "2407"]
[PlyCount "94"]
[EventDate "2007.09.19"]
[EventType "swiss"]
[EventRounds "11"]
[EventCountry "PHI"]
[SourceTitle "CBM 120 Extra"]
[Source "ChessBase"]
[SourceDate "2007.11.01"]
[SourceVersion "1"]
[SourceVersionDate "2007.11.01"]
[SourceQuality "1"]

1. e4 c5 2. Nf3 d6 3. d4 cxd4 4. Nxd4 Nf6 5. Nc3 Nc6 6. f3 g6 7. Be3 Bg7 8. Qd2 0-0 9. 0-0-0 d5 10. exd5 Nxd5 11. Nxc6 bxc6 12. Bd4 e5 13. Bc5 Be6 14. Ne4 Re8 15. c4 Qc7 16. Bd6 Qb6 17. Nc5 Nc7 18. Na4 Qb7 19. Bd3 Rad8 20. Qb4 Qc8 21. Rhe1 a5 22. Qc5 Na6 23. Qa3 f6 24. Be4 f5 25. Bc2 Bf7 26. Nc3 Bxc4 27. Qxa5 c5 28. Ba4 Nb4 29. Bxe8 Nd3+ 30. Rxd3 Bxd3 31. Qxc5 Bh6+ 32. Kd1 Qxc5 33. Bxc5 Rxe8 34. a4 e4 35. a5 Rd8 36. Be3 f4 37. Bb6 Rd7 38. Kc1 e3 39. Ne4 Re7 40. Nc5 Bb5 41. Ne4 g5 42. Rd1 Rxe4 43. fxe4 g4 44. Rd8+ Kf7 45. Bxe3 fxe3 46. Kd1 e2+ 47. Ke1 Bf8 0-1

[Event "Asia-ch 6th"]
[Site "Cebu"]
[Date "2007.09.27"]
[Round "9"]
[White "Ardeshi, Mehrdad"]
[Black "So, Wesley"]
[Result "1/2-1/2"]
[WhiteElo "2407"]
[BlackElo "2516"]
[PlyCount "53"]
[EventDate "2007.09.19"]
[EventType "swiss"]
[EventRounds "11"]
[EventCountry "PHI"]
[SourceTitle "CBM 120 Extra"]
[Source "ChessBase"]
[SourceDate "2007.11.01"]
[SourceVersion "1"]
[SourceVersionDate "2007.11.01"]
[SourceQuality "1"]

1. e4 c5 2. Nf3 Nc6 3. Bb5 Nf6 4. Bxc6 dxc6 5. d3 g6 6. h3 Bg7 7. Nc3 Nd7 8. Be3 e5 9. Qd2 h6 10. 0-0 Qe7 11. Nh2 Nf8 12. f4 exf4 13. Bxf4 Ne6 14. Bg3 Nd4 15. Nf3 0-0 16. Rae1 Be6 17. e5 f5 18. exf6 Rxf6 19. Nxd4 Rxf1+ 20. Rxf1 cxd4 21. Ne4 Bd5 22. Re1 Qd7 23. Nc5 Qf7 24. Qe2 Rd8 25. b3 b6 26. Ne4 Qe6 27. Qd2 1/2-1/2

[Event "Asia-ch 6th"]
[Site "Cebu"]
[Date "2007.09.22"]
[Round "4"]
[White "Ardeshi, Mehrdad"]
[Black "Neelotpal, Das"]
[Result "0-1"]
[WhiteElo "2407"]
[BlackElo "2485"]
[PlyCount "122"]
[EventDate "2007.09.19"]
[EventType "swiss"]
[EventRounds "11"]
[EventCountry "PHI"]
[SourceTitle "CBM 120 Extra"]
[Source "ChessBase"]
[SourceDate "2007.11.01"]
[SourceVersion "1"]
[SourceVersionDate "2007.11.01"]
[SourceQuality "1"]

1. e4 c5 2. Nf3 e6 3. d4 cxd4 4. Nxd4 Nf6 5. Nc3 d6 6. Be2 a6 7. a4 Nc6 8. Be3 Be7 9. 0-0 Qc7 10. f4 0-0 11. Nb3 b6 12. Bf3 Bb7 13. g4 Nd7 14. g5 Rfe8 15. Bg2 Bf8 16. Qg4 Nb4 17. Rf2 Nc5 18. Nxc5 bxc5 19. f5 exf5 20. Qxf5 g6 21. Qf4 Bg7 22. Rd1 Be5 23. Qh4 Re7 24. Kh1 Rae8 25. Bf4 Bxf4 26. Qxf4 Re5 27. Rdf1 R8e7 28. Qd2 Qd7 29. Rf6 d5 30. exd5 Nxd5 31. Nxd5 Rxd5 32. Qf4 Rd2 33. Qb8+ Kg7 34. Qxb7 Qxb7 35. Bxb7 Rxb7 36. b3 Rxc2 37. Rxa6 Rb2 38. Rc6 R2xb3 39. Rxc5 Ra3 40. Rc4 Ra2 41. Rcf4 Ra7 42. h3 Kg8 43. R1f2 R2xa4 44. Kh2 R4a5 45. h4 h6 46. Rg2 Kg7 47. Kh3 Rd5 48. Rg3 Rd1 49. Rgf3 hxg5 50. hxg5 Kg8 51. Kh4 Rh1+ 52. Rh3 Re1 53. Rg3 Ra2 54. Rgf3 Rg1 55. Rf2 Raa1 56. Rg4 Rh1+ 57. Kg3 Rh8 58. Rf3 Ra8 59. Rgf4 Rf8 60. Kf2 Rh5 61. Ke3 Rxg5 0-1

[Event "Asia Cities-ch 15th"]
[Site "Tehran"]
[Date "2007.03.04"]
[Round "4.3"]
[White "Hammoudeh, Ismail"]
[Black "Ardeshi, Mehrdad"]
[Result "0-1"]
[WhiteElo "2124"]
[BlackElo "2421"]
[PlyCount "70"]
[EventDate "2007.03.02"]
[EventType "team-swiss"]
[EventRounds "9"]
[EventCountry "IRI"]
[SourceTitle "EXT 2020"]
[Source "ChessBase"]
[SourceDate "2019.10.17"]
[SourceVersion "1"]
[SourceVersionDate "2019.10.17"]
[SourceQuality "1"]
[WhiteTeam "Amman"]
[BlackTeam "Tehran Rah Ahan"]
[WhiteTeamCountry "JOR"]
[BlackTeamCountry "IRI"]

1. e4 c5 2. Nc3 Nc6 3. g3 g6 4. Bg2 Bg7 5. d3 d6 6. Be3 Nf6 7. Nge2 0-0 8. 0-0 Rb8 9. h3 b5 10. Qd2 b4 11. Nd1 a5 12. f4 Nd7 13. c3 bxc3 14. bxc3 Ba6 15. h4 Qb6 16. h5 Qb5 17. Nc1 gxh5 18. a4 Qb6 19. Bf3 Nf6 20. Qh2 Bc8 21. Bxh5 Bg4 22. Bxg4 Nxg4 23. Qe2 Nxe3 24. Qxe3 c4 25. Qf2 cxd3 26. Nxd3 Qxf2+ 27. Kxf2 Rb6 28. Nc1 Rb7 29. Ke3 Rc8 30. Kd2 Rbc7 31. Rb1 Na7 32. Rf3 Rc4 33. Rb7 Nc6 34. Ke3 Rxa4 35. Nb2 Ra1 0-1

[Event "IRI-ch"]
[Site "Tehran"]
[Date "2006.12.29"]
[Round "10"]
[White "Ardeshi, Mehrdad"]
[Black "Bagheri, Amir"]
[Result "1/2-1/2"]
[WhiteElo "2379"]
[BlackElo "2486"]
[PlyCount "30"]
[EventDate "2006.12.22"]
[EventType "tourn"]
[EventRounds "11"]
[EventCountry "IRI"]
[EventCategory "6"]
[SourceTitle "CBM 116 Extra"]
[Source "ChessBase"]
[SourceDate "2007.03.07"]
[SourceVersion "1"]
[SourceVersionDate "2007.03.07"]
[SourceQuality "1"]

1. Nf3 Nf6 2. g3 d5 3. Bg2 c6 4. 0-0 Bg4 5. d3 Nbd7 6. Nbd2 e6 7. b3 Bd6 8. Bb2 0-0 9. c4 a5 10. a3 Qe7 11. h3 Bh5 12. Qc2 Rfd8 13. Rfe1 Bxf3 14. Nxf3 Bc5 15. e3 Bd6 1/2-1/2

[Event "IRI-ch"]
[Site "Tehran"]
[Date "2006.12.27"]
[Round "7"]
[White "Darban Vaighani, Morteza"]
[Black "Ardeshi, Mehrdad"]
[Result "1-0"]
[WhiteElo "2396"]
[BlackElo "2379"]
[PlyCount "77"]
[EventDate "2006.12.22"]
[EventType "tourn"]
[EventRounds "11"]
[EventCountry "IRI"]
[EventCategory "6"]
[SourceTitle "CBM 116 Extra"]
[Source "ChessBase"]
[SourceDate "2007.03.07"]
[SourceVersion "1"]
[SourceVersionDate "2007.03.07"]
[SourceQuality "1"]

1. e4 c5 2. c3 d5 3. exd5 Qxd5 4. d4 Nf6 5. Nf3 Bg4 6. Be2 cxd4 7. cxd4 e6 8. h3 Bh5 9. Nc3 Bb4 10. 0-0 Qa5 11. Qb3 0-0 12. a3 Bxc3 13. bxc3 Nbd7 14. Bf4 Nd5 15. Bd2 Qc7 16. c4 N5f6 17. Rfe1 Rfe8 18. Bf1 Bg6 19. a4 h6 20. Bb4 e5 21. c5 exd4 22. Rxe8+ Rxe8 23. Nxd4 Qf4 24. Qb2 Re4 25. c6 bxc6 26. Nxc6 Nd5 27. Bd2 Qd6 28. a5 a6 29. Bxa6 Nc5 30. Bb5 Nc7 31. Be3 Nxb5 32. Qxb5 Nd3 33. Rd1 Rxe3 34. fxe3 Kh7 35. Nd4 Nc5 36. Rc1 Nd3 37. Rc3 Ne1 38. Qe2 Qg3 39. Qf2 1-0

[Event "IRI-ch"]
[Site "Tehran"]
[Date "2006.12.24"]
[Round "4"]
[White "Golizadeh, Asghar"]
[Black "Ardeshi, Mehrdad"]
[Result "1-0"]
[WhiteElo "2233"]
[BlackElo "2379"]
[PlyCount "137"]
[EventDate "2006.12.22"]
[EventType "tourn"]
[EventRounds "11"]
[EventCountry "IRI"]
[EventCategory "6"]
[SourceTitle "CBM 116 Extra"]
[Source "ChessBase"]
[SourceDate "2007.03.07"]
[SourceVersion "1"]
[SourceVersionDate "2007.03.07"]
[SourceQuality "1"]

1. e4 e5 2. Nf3 Nc6 3. Bb5 a6 4. Ba4 Nf6 5. 0-0 Be7 6. Re1 b5 7. Bb3 0-0 8. d3 d6 9. c3 Na5 10. Bc2 c5 11. Nbd2 Re8 12. Nf1 h6 13. h3 Bf8 14. N3h2 d5 15. Qf3 dxe4 16. dxe4 Nc4 17. Rd1 Qe7 18. b3 Nb6 19. Ng4 Nxg4 20. hxg4 Bb7 21. Ne3 g6 22. g3 Rad8 23. Re1 b4 24. c4 Rd4 25. Kg2 Nc8 26. Nd5 Bxd5 27. cxd5 Nd6 28. Be3 Nb5 29. Bxd4 Nxd4 30. Qd1 a5 31. a3 Qc7 32. axb4 cxb4 33. Bd3 Rc8 34. Bc4 Qd8 35. Ra4 Rc5 36. Qd3 Qg5 37. f4 Qf6 38. fxe5 Qxe5 39. Rea1 Nxb3 40. Re1 Bd6 41. Qxb3 Rxc4 42. Qf3 Rc2+ 43. Kf1 Rc3 44. Re3 Rc1+ 45. Re1 Rc3 46. Re3 Rc5 47. Ra2 Kg7 48. Rf2 Rc7 49. Ra2 Ra7 50. Ra4 Bc5 51. Re2 Ra6 52. Kg2 Rf6 53. Qd3 Bb6 54. Rd2 Bc7 55. Raa2 b3 56. Ra3 a4 57. Rxa4 Rb6 58. Rd1 b2 59. Rb1 Bd6 60. Rc4 Ra6 61. Qd4 Ra3 62. Qxb2 Rxg3+ 63. Kf2 Qxb2+ 64. Rxb2 Rxg4 65. Rb6 Bh2 66. d6 Bg1+ 67. Kf3 Rg5 68. Rb8 Rb5 69. Rxb5 1-0

[Event "IRI-ch"]
[Site "Tehran"]
[Date "2006.12.23"]
[Round "3"]
[White "Ardeshi, Mehrdad"]
[Black "Ghaem Maghami, Ehsan"]
[Result "1/2-1/2"]
[WhiteElo "2379"]
[BlackElo "2581"]
[PlyCount "122"]
[EventDate "2006.12.22"]
[EventType "tourn"]
[EventRounds "11"]
[EventCountry "IRI"]
[EventCategory "6"]
[SourceTitle "CBM 116 Extra"]
[Source "ChessBase"]
[SourceDate "2007.03.07"]
[SourceVersion "1"]
[SourceVersionDate "2007.03.07"]
[SourceQuality "1"]

1. e4 c5 2. Nf3 d6 3. Bb5+ Nc6 4. d4 cxd4 5. Qxd4 Bd7 6. Bxc6 Bxc6 7. Nc3 Nf6 8. Bg5 e6 9. 0-0-0 Be7 10. Rhe1 0-0 11. Kb1 Qa5 12. Qd2 Qa6 13. Nd4 Rfc8 14. f3 Be8 15. g4 Rc4 16. Nce2 Rac8 17. c3 b5 18. Ng3 Qb7 19. Nh5 Nxh5 20. Bxe7 Qxe7 21. gxh5 Qh4 22. Rg1 Qxh5 23. Rg5 Qh4 24. Rdg1 g6 25. Nxb5 Bxb5 26. Rxb5 Qf6 27. Qe3 a6 28. Rb6 Qe5 29. Re1 d5 30. Rxa6 dxe4 31. fxe4 Rxc3 32. bxc3 Qb5+ 33. Ka1 Qxa6 34. Rb1 Ra8 35. Qd2 Qa5 36. Rb4 Qe5 37. a4 h5 38. Kb2 h4 39. Kb3 h3 40. Rd4 Kg7 41. Rb4 Kg8 42. Rd4 Rb8+ 43. Rb4 Rc8 44. Rd4 Qc7 45. Rd6 Qc4+ 46. Ka3 Qxc3+ 47. Qxc3 Rxc3+ 48. Kb2 Re3 49. a5 Rxe4 50. a6 Ra4 51. Kb3 Ra1 52. Kb4 e5 53. Kb5 e4 54. Kb6 e3 55. a7 f5 56. Rxg6+ Kf7 57. Rg3 Rb1+ 58. Kc7 Ra1 59. Kb7 Rb1+ 60. Kc7 Ra1 61. Kb7 Rb1+ 1/2-1/2

[Event "Moscow Aeroflot op-C"]
[Site "Moscow"]
[Date "2006.02.12"]
[Round "6"]
[White "Kulakov, Viacheslav"]
[Black "Ardeshi, Mehrdad"]
[Result "1-0"]
[WhiteElo "2258"]
[BlackElo "2333"]
[PlyCount "161"]
[EventDate "2006.02.07"]
[EventType "swiss"]
[EventRounds "9"]
[EventCountry "RUS"]
[SourceTitle "EXT 2007"]
[Source "ChessBase"]
[SourceDate "2006.11.23"]
[SourceVersion "1"]
[SourceVersionDate "2006.11.23"]
[SourceQuality "1"]

1. d4 d5 2. Nf3 Nf6 3. Bf4 c5 4. c3 Nc6 5. e3 Qb6 6. Qc1 Bf5 7. dxc5 Qxc5 8. Nbd2 Rc8 9. Nb3 Qb6 10. Nbd4 Be4 11. Be2 Nd7 12. Nxc6 bxc6 13. 0-0 e6 14. c4 Bc5 15. a3 a5 16. Ne5 Nxe5 17. Bxe5 f6 18. Bc3 0-0 19. Qd2 a4 20. Bd3 Bxd3 21. Qxd3 Qb3 22. cxd5 cxd5 23. Qa6 e5 24. Rfd1 Kf7 25. Rd3 Be7 26. Rad1 Rfd8 27. Ba5 Ra8 28. Rxb3 Rxa6 29. Rb5 Rc8 30. g3 d4 31. exd4 exd4 32. Rxd4 Rc2 33. Rxa4 Bc5 34. Rf4 g5 35. Rf5 Bd4 36. b3 Kg6 37. Rf3 Re6 38. Rb4 Ba7 39. Rb7 Bd4 40. Rd7 Re4 41. h3 h5 42. Rc7 Ra2 43. Bc3 g4 44. hxg4 hxg4 45. Rxf6+ Bxf6 46. Rc6 Rxa3 47. Rxf6+ Kg5 48. Rb6 Re2 49. Kf1 Rc2 50. Bd4 Rc1+ 51. Ke2 Ra2+ 52. Kd3 Rd1+ 53. Ke4 Rxd4+ 54. Kxd4 Rxf2 55. Rc6 Rd2+ 56. Ke3 Rb2 57. Rb6 Rc2 58. Rb5+ Kf6 59. Kf4 Rc3 60. Rb6+ Ke7 61. Kxg4 Kd7 62. Kh4 Kc7 63. Rb4 Kd6 64. g4 Ke5 65. Kh5 Rc5 66. g5 Kf5 67. Rb8 Rc3 68. Rb5+ Ke6 69. Kh6 Kf7 70. g6+ Kf6 71. Rb6+ Ke7 72. Kh7 Rh3+ 73. Kg8 Rh4 74. g7 Rh1 75. Rb4 Rf1 76. Re4+ Kf6 77. Ra4 Rf3 78. Ra6+ Ke7 79. Rh6 Rg3 80. Rh1 Kf6 81. Kf8 1-0

[Event "Fajr op 14th"]
[Site "Tehran"]
[Date "2006.01.30"]
[Round "9"]
[White "Vahidov, Tair"]
[Black "Ardeshi, Mehrdad"]
[Result "0-1"]
[WhiteElo "2530"]
[BlackElo "2348"]
[PlyCount "68"]
[EventDate "2006.01.24"]
[EventType "swiss"]
[EventRounds "9"]
[EventCountry "IRI"]
[SourceTitle "CBM 110 Extra"]
[Source "ChessBase"]
[SourceDate "2006.03.10"]
[SourceVersion "2"]
[SourceVersionDate "2006.03.10"]
[SourceQuality "1"]

1. g3 d5 2. Bg2 c6 3. d3 Nf6 4. Nd2 e5 5. e4 Bd6 6. Ngf3 0-0 7. 0-0 Bg4 8. h3 Bh5 9. Qe1 Nbd7 10. Nh4 Re8 11. Bf3 Bxf3 12. Ndxf3 dxe4 13. dxe4 Nc5 14. Nd2 Qd7 15. Kg2 Rad8 16. Qe2 Bf8 17. Nhf3 b5 18. b3 Ne6 19. Bb2 Nd4 20. Nxd4 exd4 21. e5 c5 22. Nf3 Qc6 23. Kh2 Rd5 24. Rfe1 Bd6 25. Qd3 Bxe5 26. Nxe5 Rdxe5 27. Rxe5 Rxe5 28. b4 Rh5 29. f3 Qe6 30. h4 c4 31. Qxd4 Qe2+ 32. Kg1 Rd5 33. Qf2 Qxf2+ 34. Kxf2 Rd2+ 0-1

[Event "Fajr op 14th"]
[Site "Tehran"]
[Date "2006.01.29"]
[Round "7"]
[White "Faryad, HA."]
[Black "Ardeshi, Mehrdad"]
[Result "0-1"]
[WhiteElo "2197"]
[BlackElo "2348"]
[PlyCount "84"]
[EventDate "2006.01.24"]
[EventType "swiss"]
[EventRounds "9"]
[EventCountry "IRI"]
[SourceTitle "CBM 110 Extra"]
[Source "ChessBase"]
[SourceDate "2006.03.10"]
[SourceVersion "2"]
[SourceVersionDate "2006.03.10"]
[SourceQuality "1"]

1. e4 c5 2. Nc3 e6 3. Nf3 a6 4. d4 cxd4 5. Nxd4 Qc7 6. Bd3 Nf6 7. Be3 b5 8. 0-0 Bb7 9. a3 d6 10. f4 Nbd7 11. Qf3 Be7 12. Rae1 g6 13. Kh1 h5 14. Bg1 g5 15. fxg5 Ne5 16. Qe2 Nfg4 17. Rd1 Qd7 18. Nf3 Ng6 19. Nd4 Bxg5 20. Ncxb5 Nf4 21. Qd2 e5 22. Nf5 axb5 23. Bxb5 Bc6 24. Nxd6+ Kf8 25. Qb4 Be7 26. Rxf4 exf4 27. Qc3 Bf6 28. Bxc6 Bxc3 29. Bxd7 Bxb2 30. Bc5 Kg8 31. Rb1 Be5 32. h3 Ne3 33. Bc6 Ra6 34. Rb8+ Kh7 35. Rxh8+ Bxh8 36. Bb5 Ra8 37. c4 Kg6 38. Kg1 Be5 39. a4 Rd8 40. Bxe3 fxe3 41. c5 Bxd6 42. cxd6 Rxd6 0-1

[Event "Asia-chT fin 14th"]
[Site "Esfahan"]
[Date "2005.12.21"]
[Round "1"]
[White "Ghaem Maghami, Ehsan"]
[Black "Ardeshi, Mehrdad"]
[Result "1-0"]
[WhiteElo "2586"]
[BlackElo "2333"]
[PlyCount "111"]
[EventDate "2005.12.21"]
[EventType "team-tourn"]
[EventRounds "10"]
[EventCountry "IRI"]
[SourceTitle "CBM 110 Extra"]
[Source "ChessBase"]
[SourceDate "2006.03.10"]
[SourceVersion "2"]
[SourceVersionDate "2006.03.10"]
[SourceQuality "1"]
[WhiteTeam "Iran"]
[BlackTeam "Iran II"]
[WhiteTeamCountry "IRI"]
[BlackTeamCountry "IRI"]

1. c4 e6 2. Nf3 Nf6 3. d4 b6 4. a3 Bb7 5. Nc3 d5 6. Bg5 Be7 7. Qa4+ c6 8. Bxf6 Bxf6 9. cxd5 exd5 10. g3 0-0 11. Bg2 c5 12. 0-0 Nd7 13. Rfd1 cxd4 14. Nxd4 Nc5 15. Qc2 Qd7 16. Nf5 Bxc3 17. bxc3 Qe6 18. Bxd5 Bxd5 19. Rxd5 Rfe8 20. Ne3 Ne4 21. Rd3 Rac8 22. Rf1 Nc5 23. Rd4 Ne4 24. Nd5 h6 25. Rc1 Rc5 26. Qd3 Qe5 27. f3 Nf6 28. e4 Nxd5 29. exd5 Qe3+ 30. Qxe3 Rxe3 31. d6 Rc8 32. Kf2 Re6 33. Re1 Rxe1 34. Kxe1 Rd8 35. a4 Kf8 36. a5 Ke8 37. Ke2 Kd7 38. axb6 axb6 39. Kd3 Kc6 40. Rc4+ Kb5 41. Rd4 Kc6 42. Kc4 Rxd6 43. Rxd6+ Kxd6 44. Kb5 Kc7 45. c4 Kb7 46. g4 Kc7 47. h4 Kb7 48. h5 Kc7 49. f4 Kb7 50. g5 Kc7 51. f5 f6 52. gxf6 gxf6 53. c5 bxc5 54. Kxc5 Kd7 55. Kd5 Ke7 56. Kc6 1-0

[Event "IRI-ch sf"]
[Site "Tehran"]
[Date "2005.08.04"]
[Round "2"]
[White "Noroozi, Omid"]
[Black "Ardeshi, Mehrdad"]
[Result "1/2-1/2"]
[WhiteElo "2157"]
[BlackElo "2265"]
[PlyCount "148"]
[EventDate "2005.08.03"]
[EventType "swiss"]
[EventRounds "9"]
[EventCountry "IRI"]
[SourceTitle "EXT 2006"]
[Source "ChessBase"]
[SourceDate "2005.11.24"]
[SourceVersion "1"]
[SourceVersionDate "2005.11.24"]
[SourceQuality "1"]

1. c4 c6 2. Nf3 Nf6 3. Nc3 d5 4. e3 g6 5. d4 Bg7 6. Be2 0-0 7. 0-0 Nbd7 8. Qb3 dxc4 9. Bxc4 Nb6 10. Be2 Be6 11. Qc2 Rc8 12. e4 Bg4 13. Rd1 Qc7 14. Bg5 Bxf3 15. Bxf3 e5 16. d5 cxd5 17. exd5 Ne8 18. Qb3 Nd6 19. Nb5 Nxb5 20. Qxb5 e4 21. d6 Qc5 22. Qxc5 Rxc5 23. Be7 exf3 24. Bxf8 Kxf8 25. d7 Nxd7 26. Rxd7 Bxb2 27. Rb1 a5 28. Rxb7 Bd4 29. Rd7 Bc3 30. Rbb7 Rf5 31. Rd3 Re5 32. gxf3 Bb4 33. a3 Bc5 34. Kf1 Be7 35. Ra7 Rf5 36. Ke2 h6 37. Kd1 Bh4 38. Rad7 Bxf2 39. R7d5 Rf4 40. Rxa5 Rh4 41. Ra8+ Ke7 42. Rd2 Bg1 43. a4 Bxh2 44. Ra7+ Ke6 45. Re2+ Be5 46. Re4 Rh1+ 47. Kc2 g5 48. Rb7 h5 49. Rb1 Rh2+ 50. Kb3 Rf2 51. Re3 Rd2 52. a5 Rd6 53. Ka4 Kf5 54. Rb7 f6 55. Rh7 h4 56. Kb5 Rd5+ 57. Kb4 Bd6+ 58. Ka4 Bf4 59. Rb3 Rd6 60. Rh6 Be5 61. Kb5 Rd5+ 62. Kb6 Bd4+ 63. Ka6 Kf4 64. Ra3 Bb2 65. Rb3 Be5 66. Ra3 Kg3 67. Kb7 Bd6 68. Ra2 Be5 69. a6 Rd7+ 70. Kc6 Ra7 71. Ra3 Bb2 72. Ra2 Be5 73. Ra3 Bb2 74. Ra2 Be5 1/2-1/2

[Event "IRI-chT"]
[Site "Iran"]
[Date "2005.05.27"]
[Round "2"]
[White "Ardeshi, Mehrdad"]
[Black "Mooses, Gegham"]
[Result "1/2-1/2"]
[WhiteElo "2265"]
[BlackElo "2210"]
[PlyCount "95"]
[EventDate "2005.05.26"]
[EventType "team-tourn"]
[EventRounds "11"]
[EventCountry "IRI"]
[SourceTitle "CBM 106 Extra"]
[Source "ChessBase"]
[SourceDate "2005.07.01"]
[SourceVersion "1"]
[SourceVersionDate "2005.07.01"]
[SourceQuality "1"]

1. d4 d5 2. Nf3 Nf6 3. c4 c6 4. cxd5 cxd5 5. Nc3 Nc6 6. Bf4 Bf5 7. e3 e6 8. Bb5 Nd7 9. Qa4 Rc8 10. 0-0 a6 11. Bxc6 Rxc6 12. Rfc1 Be7 13. Nd1 b5 14. Qb3 Qc8 15. Nc3 0-0 16. Ne1 Nb6 17. Ne2 Nc4 18. a3 Qb7 19. Rd1 Rfc8 20. Nc1 a5 21. Ncd3 a4 22. Qa2 Bxd3 23. Rxd3 Na5 24. Rad1 Nb3 25. Rxb3 axb3 26. Qxb3 Rc1 27. Nd3 Rxd1+ 28. Qxd1 Qc6 29. Kf1 Qc2 30. Qxc2 Rxc2 31. Ke1 f6 32. Bb8 Kf7 33. Ba7 Rc7 34. Bc5 Bxc5 35. Nxc5 e5 36. Kd2 exd4 37. exd4 Ke7 38. Kd3 Kd6 39. Kc3 Re7 40. Kd2 Kc6 41. Kd1 g5 42. Kd2 h5 43. h3 Kd6 44. Kd1 g4 45. hxg4 hxg4 46. g3 Rh7 47. Kd2 Re7 48. Kd1 1/2-1/2

[Event "Fajr op 13th"]
[Site "Tehran"]
[Date "2005.01.31"]
[Round "7"]
[White "Ardeshi, Mehrdad"]
[Black "Mallahi, Amir"]
[Result "1/2-1/2"]
[WhiteElo "2254"]
[BlackElo "2420"]
[PlyCount "132"]
[EventDate "2005.01.04"]
[EventType "swiss"]
[EventRounds "9"]
[EventCountry "IRI"]
[SourceTitle "CBM 104 Extra"]
[Source "ChessBase"]
[SourceDate "2005.03.01"]
[SourceVersion "1"]
[SourceVersionDate "2005.03.01"]
[SourceQuality "1"]

1. e4 c5 2. Nf3 Nc6 3. Bb5 g6 4. Bxc6 dxc6 5. d3 Bg7 6. Nc3 Nf6 7. h3 e5 8. Be3 Qd6 9. Qd2 0-0 10. Bh6 b5 11. Bxg7 Kxg7 12. g4 Re8 13. Qe3 a5 14. a4 Bd7 15. Nd2 h5 16. f3 Qd4 17. Ke2 b4 18. Nd1 Be6 19. c3 Qd6 20. c4 Rh8 21. Nf2 Qd4 22. Rab1 Nd7 23. Nb3 Qd6 24. Rbg1 Qf8 25. f4 exf4 26. Qxf4 hxg4 27. hxg4 Qb8 28. Qxb8 Rhxb8 29. g5 Re8 30. Rh4 Rh8 31. Rgh1 Rxh4 32. Rxh4 f6 33. gxf6+ Kxf6 34. Ke3 Kg7 35. Nh3 Bxh3 36. Rxh3 g5 37. Rf3 Rh8 38. Nxa5 g4 39. Rf5 Rh3+ 40. Kf4 Nf6 41. Rg5+ Kh6 42. Rxg4 Nxg4 43. Kxg4 Rxd3 44. Kf5 Kg7 45. Ke6 Kf8 46. e5 Rd7 47. b3 Rd3 48. Kf6 Ke8 49. Ke6 Kd8 50. Nb7+ Kc7 51. Nxc5 Rh3 52. a5 Rh6+ 53. Kf7 Rh7+ 54. Kf6 Rh6+ 55. Kg5 Rh3 56. Kg4 Re3 57. Kf5 Rh3 58. Kf6 Rh6+ 59. Kg7 Rh3 60. e6 Kd6 61. a6 Rg3+ 62. Kf7 Rf3+ 63. Kg7 Rg3+ 64. Kf7 Rf3+ 65. Kg7 Rg3+ 66. Kf7 Rf3+ 1/2-1/2